000 00761cab a2200169 4500
001 ##L131170
008 050912n2005 000 0 eng u
035 _a(Sirsi) u131170
041 0 _aeng
245 0 0 _aDatabank
260 _c2005
490 0 _aProperty Week
_v70(39) 30 September 2005, 25(1)
520 _aDatabank containing figures from IPD for the all-property total return for August 2005. Also contains figures for equities and gilts for the same period. IPD report that industrial property is the top performing sector for 2005, at 10.9%, for the year to date, with offices and retail achieving 10% for the same period.
590 _aIKA111005
690 _aPROPERTY-COMMERCIAL PROPERTY-COMMERCIAL PROPERTY FINANCE AND INVESTMENT
942 _n0
999 _c104657
_d104657